Giáo trình môn học anh văn chuyên ngành may thời trang = English for the fashion garment industry
محفوظ في:
| المؤلف الرئيسي: | |
|---|---|
| التنسيق: | كتاب |
| اللغة: | Undetermined |
| منشور في: |
Hà Nội
Thống Kê
2005
|
| الموضوعات: | |
| الوسوم: |
إضافة وسم
لا توجد وسوم, كن أول من يضع وسما على هذه التسجيلة!
|
| Thư viện lưu trữ: | Trung tâm Học liệu Trường Đại học Cần Thơ |
|---|
| LEADER | 00689nam a2200217Ia 4500 | ||
|---|---|---|---|
| 001 | CTU_87551 | ||
| 008 | 210402s9999 xx 000 0 und d | ||
| 020 | |c 20000 | ||
| 082 | |a 428.24 | ||
| 082 | |b T121 | ||
| 100 | |a Võ, Phước Tấn | ||
| 245 | 0 | |a Giáo trình môn học anh văn chuyên ngành may thời trang = | |
| 245 | 0 | |b English for the fashion garment industry | |
| 245 | 0 | |c Võ Phước Tấn, Trần Anh Dũng | |
| 260 | |a Hà Nội | ||
| 260 | |b Thống Kê | ||
| 260 | |c 2005 | ||
| 650 | |a English language | ||
| 650 | |x Textbooks for foreign speakers | ||
| 904 | |i Tuyến | ||
| 980 | |a Trung tâm Học liệu Trường Đại học Cần Thơ | ||